| 000 | 00888nam a2200253 a 4500 | ||
|---|---|---|---|
| 001 | 4899 | ||
| 003 | CDMR | ||
| 005 | 20131203162732.0 | ||
| 008 | 130130s2001||||sp |||||||||||||||||spa|d | ||
| 020 | _a8470309137 | ||
| 040 |
_aCDMR _bcat _cCDMR |
||
| 100 | 1 |
_93321 _aChuliá, Elisa |
|
| 245 | 1 | 3 |
_aEl poder y la palabra _cElisa Chuliá _b: prensa y poder político en las dictaduras : el régimen de Franco ante la prensa y el periodismo |
| 260 |
_bBiblioteca Nueva _aMadrid |
||
| 260 |
_bUniversidad Nacional de Educación a Distancia _cDL 2001 |
||
| 300 | _a254 p. | ||
| 490 | 0 | _aHistoria Biblioteca Nueva | |
| 650 | 0 | 4 |
_93312 _aFranquisme |
| 650 | 0 | 4 |
_93243 _aMitjans de comunicació de massa _xManipulació |
| 650 | 0 | 4 |
_94120 _aEmpreses periodístiques _zEspanya |
| 650 | 0 | 4 |
_94358 _aEspanya _xPolítica de la comunicació |
| 650 | 0 | 4 |
_94434 _aPoder (Ciències socials) |
| 942 |
_cMON _2udc |
||
| 999 |
_c4899 _d4899 |
||